000 00788nam a22002417a 4500
001 121372
008 230215s1882 xxk||||| |||| 00| 0 eng d
041 _aeng
050 _a721.4
245 _aArches, piers, buttresses etc.,
_bThe principles of construction being a series of experimental essays made with a view to them being useful to he practical builder
250 _a4th
260 _aLondon,
_bCrosby Lockwood and Co,
_c1882
300 _a138p
_billus., diagrs.
_c18cm x 11cm
490 _aWeale's Rudimentary Series
500 _aDonated by Mel Arnott of Cross & Hall chartered quantity surveyors
650 _aBUTTRESSES
650 _aCONSTRUCTION
650 _aARCHES
650 _aPIERS
651 _aUnited Kingdom
700 _aBland, William
942 _n0
999 _c121372
_d121372